IMPLEMENTATION OF RESTRUCTURIZATION AND REPAIR CHANGES IN MANAGEMENT OF ENTERPRISE

Bibliographic Details
Main Author: Matuszewski, Andrzej (Author)
Format: Article
Language:English
ISBN:8022806277

MARC

LEADER 00000naa a2200000uu 4500
001 vtls011092967
003 SK-MaSNL
005 20260302110423.0
008 210824|1997 xo |||||||||||||||||eng|
015 |a SNBRA 
035 |a (urnnbn)urn:nbn:sk:snk:ar-a0cryu 
035 |a (uuid)da6d7833-058a-45be-aeb3-1a20975b07fe 
035 |a urn:nbn:sk:snk-aavxne 
040 |a SNKBUCL  |b slo  |c SNKBUCL  |e AACR2 
041 0 |a eng 
044 |a xo  |c SK 
100 1 |a Matuszewski, Andrzej  |4 aut  |9 784170 
245 1 0 |a IMPLEMENTATION OF RESTRUCTURIZATION AND REPAIR CHANGES IN MANAGEMENT OF ENTERPRISE  |c Andrzej Matuszewski 
773 0 |t Les-drevo-životné prostredie '97 : medzinárodná vedecká konferencia, 8.-11. september 1997. Zborník. sekcia č. 7  |d Vo Zvolene : Technická univerzita, 1997  |g S. 97-102  |z 8022806277 
958 |a OND 
958 |a article12 
958 |a chapter 
999 |c 1243281  |d 1245211